| 000 | 01248cam a2200361 i 4500 | ||
|---|---|---|---|
| 001 | collectedpoemsof00roet | ||
| 003 | CaSfIA | ||
| 005 | 20230525155201.0 | ||
| 007 | cr|||| | ||
| 008 | 741226r19751966nyu 001 0 eng | ||
| 010 | _a 74195126 | ||
| 040 |
_aDLC _cDLC _dBAKER _dYDXCP _dOCLCG _dSMU _dDOV _dCaSfIA |
||
| 020 |
_a0385086016 : _c$3.95 |
||
| 020 | _a9780385086011 | ||
| 020 | _a9781439510049 (Paw Prints) | ||
| 020 | _a1439510040 (Paw Prints) | ||
| 035 | _a(OCoLC)1194608 | ||
| 050 | 0 | 0 |
_aPS3535 _b.O39 1975 |
| 082 | 0 | 0 | _a811/.5/4 |
| 100 | 1 |
_aRoethke, Theodore, _d1908-1963. |
|
| 240 | 1 | 0 | _aPoems |
| 245 | 1 | 4 |
_aThe collected poems of Theodore Roethke. _h[electronic resource] |
| 260 |
_aGarden City, N.Y. : _bAnchor Press, _c1975, c1966. |
||
| 300 |
_axiii, 272 p. ; _c21 cm. |
||
| 500 | _aReprint of the ed. published by Doubleday, Garden City, New York. | ||
| 500 | _aIncludes index. | ||
| 650 | 0 | _aPoetry. | |
| 856 | 4 | 1 |
_uhttp://www.archive.org/details/collectedpoemsof00roet _zFree eBook from the Internet Archive |
| 856 | 4 | 2 |
_uhttp://www.openlibrary.org/books/OL23240049M _zAdditional information and access via Open Library |
| 029 | 1 |
_aYDXCP _b309419 |
|
| 029 | 1 |
_aNZ1 _b4348779 |
|
| 029 | 1 |
_aAU@ _b000000735647 |
|
| 999 |
_c23256 _d23256 |
||